00517nam a2200157 a 4500001001000000003000400010005001700014008004100031040002500072082001000097100002700107245008600134260004900220300002800269500006200297000016741OSt20201202102410.0100310s1978 dr a 000 0 spa d aDO-SdBNPbspacBNPHU bP426s1 aPeralta Michel, José10aSeguro de vida una profesión para hombres de acción /cJosé Peralta Michel. aSanto Domingo :bEditora Nuevo Mundo,c1978. a208 p. :bil. ;c22 cm. aIncluye datos biográficos del autor en la contraportada